000 00585nam a2200229Ia 4500
003 OSt
005 20221007071109.0
006 a|||||r|||| 00| 0
007 ta
008 221006b |||||||| |||| 00| 0 eng d
024 _a7,997
037 _cTextual
040 _aFLL
_cFLL
_beng
041 _2eng
_aeng
082 _aZ,91, M7
100 _aMahajan V.D. Au.
_9676142
245 0 _aJurisprudence
260 _aLalbagh
_bEastern book company India
_c1987
300 _a742p
_ccm.
942 _hZ,91, M7
_cTEXL
_2CC
999 _c1142441
_d1142441